Most Selective Colleges - Statistics

General Stats
  • This quiz has been taken 38 times
    37 since last reset
  • The average score is 24 of 50
Answer Stats
Acceptance Rate School % Correct
3% Harvard University
100%
5% Brown University
90%
5% Yale University
90%
4% Columbia University
84%
5% Massachusetts Institute of Technology
84%
4% Stanford University
84%
4% Princeton University
81%
12% University of California-Berkeley
81%
6% University of Pennsylvania
81%
6% Dartmouth College
77%
9% University of California-Los Angeles
77%
11% Boston University
74%
8% Cornell University
74%
7% Northwestern University
74%
10% University of Southern California
71%
7% Duke University
68%
13% Georgetown University
65%
8% Johns Hopkins University
65%
5% University of Chicago
65%
12% Washington University in Saint Louis
65%
9% New York University
61%
6% Vanderbilt University
58%
8% Rice University
55%
3% California Institute of Technology
52%
11% Carnegie Mellon University
52%
11% Emory University
48%
12% University of Notre Dame
48%
6% Northeastern University
42%
14% United States Air Force Academy
32%
10% Amherst College
29%
10% Tufts University
29%
9% United States Naval Academy
29%
10% Williams College
29%
7% Pomona College
26%
13% Bates College
23%
9% Juilliard School
23%
7% Swarthmore College
23%
14% United States Military Academy at West Point
23%
8% Barnard College
19%
8% Bowdoin College
19%
11% Claremont McKenna College
19%
7% Colby College
19%
12% Colgate University
19%
12% Hamilton College
19%
10% Middlebury College
19%
14% Davidson College
16%
13% Harvey Mudd College
13%
13% Haverford College
10%
10% Curtis Institute of Music
6%
13% Grinnell College
3%
No matching quizzes found
Score Distribution
Percent of People with Each Score
Percentile by Number Answered
Your Score History
You have not taken this quiz since the last reset